Les joueurs de l'équipe de France de foot Euro 1984 - Statistiques

Statistiques générales
  • Ce quiz a été pris 565 fois
  • Le résultat moyen est 9 sur 20
Statistiques - réponses
Poste Joueurs % Correct
Milieu Michel Platini
99%
Milieu Alain Giresse
73%
Milieu Jean Tigana
72%
Gardien Joël Bats
65%
Milieu Luis Fernandez
65%
Attaquant Dominique Rocheteau
60%
Défenseur Patrick Battiston
60%
Défenseur Manuel Amoros
56%
Attaquant Didier Six
51%
Défenseur Maxime Bossis
49%
Attaquant Bruno Bellone
44%
Milieu Bernard Genghini
42%
Attaquant Bernard Lacombe
41%
Défenseur Jean-François Domergue
35%
Défenseur Yvon Le Roux
29%
Gardien Albert Rust
25%
Gardien Philippe Bergerôo
25%
Attaquant Daniel Bravo
21%
Milieu Jean-Marc Ferreri
19%
Défenseur Thierry Tusseau
17%
Aucun quiz correspondant
Distribution des résultats
% des personnes avec chaque résultat
Percentile par nombre de réponses
Votre historique - résultats
Vous n’avez pas pris ce quiz